History by Letter 'R' (Multiple Choice) - Statistics

General Stats
  • This quiz has been taken 12 times
  • The average score is 9 of 10
Answer Stats
Question Answer % Correct
Hydrophobia is also known as? Rabies
100%
Santa Claus venison. Reindeer
100%
This gifted artist was legendary for his self-portraits. What a friggin' Narcissist! Rembrandt
100%
A car. Rolls Royce
100%
This maggot was an actor who went into politics. Had a habit of making statements to the press with a helicopter nearby with its engine running so nobody could misquote him. Ronald Reagan
100%
Events in New York and other places were the best thing that ever happened to this political maggot. In September, 2001. Rudy Giuliani
100%
This US president came to power in the same year that an Austrian started bullying people big time and died the same year the Pumpernickel did. Franklin Delano Roosevelt
92%
A Roman general made this stream world famous just by crossing it in a kayak. Rubicon
83%
Spear Throwers again. This tea party was yet another example of the British turning an ass-kicking into some kind of victory. 1879. Rorke's Drift
58%
An expression that is American slang for someone not needing to line up near a soup kitchen. 'Rolling in the Benjamins.'
50%
No matching quizzes found
Score Distribution
Percent of People with Each Score
Percentile by Number Answered
Your Score History
You have not taken this quiz